000 00513nam a2200181Ia 4500
005 20250508162912.0
008 008 250505s9999 xx 000 0 eng d
037 _aTextual
040 _aFEDL
_beng
_cFEDL
041 _aeng
_2eng
084 _a320.954, SUB
_qFEDL
100 _aSubramaniam Chitra
_9100172
245 0 _aBofors: The story behind the news
260 _aNew Delhi, India
_bPenguin Books
_c1993
300 _axii,267p
942 _cTEXL
_h320.954, SUB
999 _c1379327
_d1379327